Doors to grammar 2. (Record no. 113088)
[ view plain ]
| 000 -LEADER | |
|---|---|
| fixed length control field | 00262nam a2200109 a 4500 |
| 005 - DATE AND TIME OF LATEST TRANSACTION | |
| control field | 20140414132002.0 |
| 008 - FIXED-LENGTH DATA ELEMENTS--GENERAL INFORMATION | |
| fixed length control field | 110216s19uu xx 00 eng d |
| 050 ## - LIBRARY OF CONGRESS CALL NUMBER | |
| Classification number | TR 415 |
| Item number | G95 2008 |
| 100 ## - MAIN ENTRY--PERSONAL NAME | |
| Personal name | Gullberg, Colin |
| 245 ## - TITLE STATEMENT | |
| Title | Doors to grammar 2. |
| Withdrawn status | Lost status | Damaged status | Home library | Current library | Shelving location | Date acquired | Total Checkouts | Full call number | Barcode | Date last seen | Price effective from | Koha item type |
|---|---|---|---|---|---|---|---|---|---|---|---|---|
| Munich Library | Munich Library | Teachers Reference Section | 02/16/2011 | TR 415 G95 2008 | M4571 | 04/14/2014 | 04/14/2014 | Books |